Industriální stopy v architektuře Plzně = The imprints of industry in Pilsen architecture /

Korporativní autor: Útvar koncepce a rozvoje města Plzně (organizace)
Další autoři: Polák, Petr, Hošek, Matěj, David Fuchs (firma)
Jazyk: Čeština
Angličtina
Vydáno: Plzeň : Útvar koncepce a rozvoje města Plzně, 2017
Témata:
Fyzický popis: 60 nečíslovaných stran : barevné ilustrace ; 17 x 23 cm
Language note: Souběžný anglický text
Knihy
Uloženo v:
LEADER 02334nam a2200553 i 4500
001 nkc20172920396
003 CZ PrNK
005 20170907075351.0
007 ta
008 170804s2017 xr a e c 000 0 cze
020 |a 978-80-270-2462-9  |q (v knize neuvedeno ;  |q brožováno) 
040 |a BOA001  |b cze  |e rda 
041 1 |a cze  |a eng  |h cze 
043 |a e-xr---  |b e-xr-pl  |2 czenas 
045 |a x-y- 
072 7 |a 72  |x Architektura  |2 Konspekt  |9 21 
080 |a 725.1:338.45  |2 MRF 
080 |a 904:62  |2 MRF 
080 |a (437.317)  |2 MRF 
080 |a (083.824)  |2 MRF 
245 0 0 |a Industriální stopy v architektuře Plzně =  |b The imprints of industry in Pilsen architecture /  |c katalog a výstavu připravil: Útvar koncepce a rozvoje města Plzně ; foto: Petr Polák a Matěj Hošek ; překlad do angličtiny David Fuchs s.r.o. 
246 3 1 |a Imprints of industry in Pilsen architecture 
264 1 |a Plzeň :  |b Útvar koncepce a rozvoje města Plzně,  |c 2017 
300 |a 60 nečíslovaných stran :  |b barevné ilustrace ;  |c 17 x 23 cm 
336 |a text  |b txt  |2 rdacontent 
336 |a statický obraz  |b sti  |2 rdacontent 
337 |a bez média  |b n  |2 rdamedia 
338 |a svazek  |b nc  |2 rdacarrier 
546 |a Souběžný anglický text 
648 7 |a 20.-21. století  |7 ch462155  |2 czenas 
650 0 7 |a průmyslová architektura  |7 ph945464  |z Česko  |y 20.-21. století  |2 czenas 
650 0 7 |a průmyslové stavby  |7 ph124751  |z Česko  |y 20.-21. století  |2 czenas 
650 0 7 |a technické památky  |7 ph126474  |z Česko  |2 czenas 
650 0 9 |a industrial architecture  |z Czechia  |y 20th-21st centuries  |2 eczenas 
650 0 9 |a industrial buildings  |z Czechia  |y 20th-21st centuries  |2 eczenas 
650 0 9 |a technical antiquities  |z Czechia  |2 eczenas 
651 7 |a Plzeň (Česko)  |7 ge130439  |2 czenas 
651 9 |a Plzeň (Czechia)  |2 eczenas 
655 7 |a katalogy výstav  |7 fd132536  |2 czenas 
655 9 |a exhibition catalogs  |2 eczenas 
700 1 |a Polák, Petr  |4 pht 
700 1 |a Hošek, Matěj  |4 pht 
710 2 |a Útvar koncepce a rozvoje města Plzně (organizace)  |7 kn20030827014  |4 orm  |4 isb 
710 2 |a David Fuchs (firma)  |7 ko2017950816  |4 trl 
910 2 |a BOA001  |b 2-1392.835 
990 |a BK 
995 |a 11 
991 |b 201708  |c NOV 
996 6 |b 2610715505  |c 2-1392.835  |l MZK  |r Sklad / do 1 hodiny  |n 0  |p p.v.  |w 001624645  |u 000010  |a 1  |e BOA001  |j MZK50  |s P